Revista de derecho público 2020 - 1 : poder ejecutivo I /
Guardado en:
| Formato: | Libro |
|---|---|
| Idioma: | Spanish |
| Publicado: |
Santa Fe :
Rubinzal-Culzoni,
2020.
|
| Edición: | 1a. ed. rev. |
| Materias: | |
| Etiquetas: |
Agregar Etiqueta
Sin Etiquetas, Sea el primero en etiquetar este registro!
|
| LEADER | 00648nam a22002055a 4500 | ||
|---|---|---|---|
| 001 | DER.der014825 | ||
| 008 | 230612s2020####ag#||||||||||||||#||spa|| | ||
| 005 | 20230914084938.0 | ||
| 245 | 1 | 0 | |a Revista de derecho público 2020 - 1 : |b poder ejecutivo I / |c Tomás Hutchinson. |
| 250 | |a 1a. ed. rev. | ||
| 260 | |a Santa Fe : |b Rubinzal-Culzoni, |c 2020. | ||
| 300 | |a 621 p. | ||
| 020 | |a 9789873014680 | ||
| 700 | 1 | |a Hutchinson, Tomás., |e dir. | |
| 700 | 1 | |a Basterra, Marcela I., |e dir. | |
| 650 | 7 | |a REGLAMENTOS AUTONOMOS | |
| 650 | 7 | |a ACTOS LICITARIOS | |
| 650 | 7 | |a DISCRECIONALIDAD | |
| 650 | 7 | |a ACTO ADMINISTRATIVO | |
| 859 | |a DERECHO |b BIB. DERECHO |h 341 |i REV |p 009935 | ||
